|
|
|
|
| LEADER |
00000nam0a2200000 4500 |
| 001 |
128376 |
| 005 |
20231031132714.0 |
| 035 |
|
|
|a (RuTPU)RU\TPU\book\138864
|
| 090 |
|
|
|a 128376
|
| 100 |
|
|
|a 20071226d1978 km y0rusy50 ca
|
| 101 |
0 |
|
|a rus
|
| 102 |
|
|
|a RU
|
| 105 |
|
|
|a abf z 001zy
|
| 200 |
1 |
|
|a Процессы океанской седиментации
|e литология и геохимия
|f А. П. Лисицын
|g Академия наук СССР (АН СССР), Институт океанологии им. П. П. Ширшова (ИО)
|
| 210 |
|
|
|a Москва
|c Наука
|d 1978
|
| 215 |
|
|
|a 392 с.
|c ил.
|
| 320 |
|
|
|a Список литературы: с. 359-388.
|
| 610 |
1 |
|
|a океаны
|
| 610 |
1 |
|
|a седиментация
|
| 610 |
1 |
|
|a осадкообразование
|
| 675 |
|
|
|a 551.46
|v 3
|
| 700 |
|
1 |
|a Лисицын
|b А. П.
|g Александр Петрович
|
| 712 |
0 |
2 |
|a Академия наук СССР (АН СССР)
|b Институт океанологии им. П. П. Ширшова (ИО)
|c (Москва)
|2 stltpush
|3 (RuTPU)RU\TPU\col\6016
|
| 801 |
|
1 |
|a RU
|b 63413507
|c 20071226
|g PSBO
|
| 801 |
|
2 |
|a RU
|b 63413507
|c 20081002
|g PSBO
|
| 942 |
|
|
|c BK
|